All FC26 Gold Walkouts - Statistiken

Allgemein
  • Dieses Quiz wurde 28 mal gespielt
  • Das Durchschnittsergebnis liegt bei 33 aus 102
Antwortstatistiken
Hint Antwort % Korrekt
90, Norwegen Haaland
100%
91, Frankreich Mbappe
100%
91, Ägypten Salah
100%
89, Spanien Yamal
91%
90, Spanien Rodri
87%
90, Niederlande Van Dijk
83%
89, Deutschland Wirtz
74%
90, Frankreich Dembele
65%
89, England Kane
65%
88, Deutschland Musiala
65%
87, Norwegen Odegaard
65%
91, Spanien Bonmati
61%
89, Marroko Hakimi
61%
88, Polen Lewandowski
61%
86, Argentinien Messi
61%
89, Spanien Pedri
61%
91, Spanien Putellas
61%
90, England Bellingham
57%
89, Belgien Courtois
57%
87, Belgien De Bruyne
52%
89, Deutschland Kimmich
52%
89, Brasilien Vinicius Jr
52%
87, Niederlande De Jong
43%
90, Norwegen Hansen
43%
88. Argentinien Lautaro Martinez
43%
86, Frankreich Olise
43%
86, Deutschland Rüdiger
43%
89, Brasilien Alisson
39%
87, Italien Bastoni
39%
89, Italien Donnarumma
39%
87, Georgien Kvaratskhelia
39%
87, England Rice
39%
88, Brasilien Gabriel
35%
87, Guinea Guirassy
35%
88, Schweden Isak
35%
86, Schweiz Kobel
35%
88, Slowenien Oblak
35%
87, Nigeria Osimhen
35%
88, England Saka
35%
87, Deutschland Tah
35%
86, Italien Tonali
35%
87, Portugal Bruno Fernandes
30%
88, Frankreich Diani
30%
87, Schweden Gyökeres
30%
86, Portugal Nuno Mendes
30%
89, Brasilien Raphinha
30%
86, Portugal Ruben Dias
30%
87, Frankreich Saliba
30%
89, Jamaika Shaw
30%
86, Deutschland Ter Stegen
30%
89, Uruguay Valverde
30%
89, Portugal Vitinha
30%
87, Italien Barella
26%
88, Chile Endler
26%
89, Spanien Guijarro
26%
87, England Kelly
26%
87, Argentinien MacAllister
26%
89, Spanien Mapi Leon
26%
88, Polen Pajor
26%
86, Spanien Pina
26%
87, Argentinien Alvarez
22%
88, Frankreich Katoto
22%
87, Frankreich Maignan
22%
87, Brasilien Marquinhos
22%
86, Spanien N. Williams
22%
88, Spanien Paredes
22%
87, Spanien Raya
22%
88, Norwegen Reiten
22%
89, England Russo
22%
87, Schweiz Sommer
22%
86, Brasilien Guimaraes
17%
87, Norwegen Hegerberg
17%
87, Frankreich Kounde
17%
87, England Mead
17%
87, England Palmer
17%
87, England Bright
13%
87, England Bronze
13%
86, Türkei Calhanoglu
13%
86, Frankreich Geyoro
13%
87, Australien Kerr
13%
86, Frankreich Konate
13%
86, Ecuador Pacho
13%
86, Deutschland Schüller
13%
87, USA Swanson
13%
87, England Williamson
13%
88, USA Wilson
13%
86, England Alexander Arnold
9%
86, Spanien Batlle
9%
86, Argentinien Dybala
9%
89, Spanien Mariona
9%
86, Deutschland Berger
4%
86, Deutschland Bühl
4%
86, Malawi Chawinga
4%
88, Brasilien Debinha
4%
86, Haiti Dumornay
4%
86, Dänemark Harder
4%
87, USA Heaps
4%
87, England Hemp
4%
87, USA Lavelle
4%
87, Irland McCabe
4%
87, Frankreich Karchaoui
0%
86, Niederlande Reijnders
0%
Keine übereinstimmenden Quizze gefunden
Verteilung der Resultate
Anzahl Personen mit jedem Resultat
Perzentil nach korrekt beantworteten Fragen
Ihre Resultats-Entwicklung
Sie haben dieses Quiz noch nicht gespielt